[Event "XXIII Festival Conca della Presolana A"]
[Site "Bratto - Castione della Presolana ITA"]
[Date "2003.08.24"]
[Round "4"]
[White "Tatai, Stefano"]
[Black "Piantoni, Roberto"]
[Result "1-0"]
[WhiteElo "2343"]
[BlackElo "2157"]
[PlyCount "57"]
[EventDate "2003.08.21"]

1.e4 Nf6 2.e5 Nd5 3.d4 d6 4.Nf3 g6 5.Bc4 c6 6.exd6 Qxd6 7.O-O Bg7 8.c3 O-O
9.Re1 Bg4 10.Nbd2 Nd7 11.h3 Bxf3 12.Nxf3 N5b6 13.Bb3 e5 14.dxe5 Qxd1 15.
Bxd1 Rae8 16.e6 fxe6 17.Ng5 h6 18.Ne4 Ne5 19.Bc2 g5 20.b3 Nd5 21.Ba3 Rf4 
22.c4 Nb6 23.Rad1 Nf7 24.Bc1 Rf5 25.a4 Re5 26.Be3 Re7 27.Bd4 Rf5 28.Ng3 
Ra5 29.Bxg7 1-0

[Event "XXIII Festival Conca della Presolana A"]
[Site "Bratto - Castione della Presolana ITA"]
[Date "2003.08.24"]
[Round "4"]
[White "Vancini, Edoardo"]
[Black "Borgo, Giulio"]
[Result "0-1"]
[WhiteElo "2284"]
[BlackElo "2423"]
[PlyCount "62"]
[EventDate "2003.08.21"]

1.d4 d5 2.Nf3 Nf6 3.e3 c5 4.dxc5 e6 5.b4 a5 6.c3 b6 7.Bb5+ Bd7 8.Bxd7+ 
Nfxd7 9.cxb6 axb4 10.Bd2 Qxb6 11.cxb4 Bxb4 12.Nc3 Qa6 13.Qe2 O-O 14.Qxa6 
Rxa6 15.O-O Nc6 16.Rfc1 Nde5 17.Nxe5 Nxe5 18.Ne4 Ba3 19.Nc3 Bxc1 20.Rxc1 
Rb8 21.Rc2 f6 22.h3 Nd3 23.Kf1 Rb2 24.Rxb2 Nxb2 25.Ke2 Ra3 26.f4 Na4 27.
Nb5 Rxa2 28.Nc7 Nc3+ 29.Kd3 Ne4 30.Bb4 Kf7 31.g4 Ra7 0-1

[Event "XXIII Festival Conca della Presolana A"]
[Site "Bratto - Castione della Presolana ITA"]
[Date "2003.08.24"]
[Round "4"]
[White "Volpinari, Danilo"]
[Black "Cavatorta, Fosco"]
[Result "1-0"]
[WhiteElo "2050"]
[BlackElo "2152"]
[PlyCount "75"]
[EventDate "2003.08.21"]

1.e4 d6 2.d4 Nf6 3.Nc3 g6 4.Nf3 Bg7 5.Be3 O-O 6.Qd2 a6 7.a4 Bg4 8.Be2 Nc6 
9.d5 Bxf3 10.Bxf3 Ne5 11.Be2 c5 12.h3 Rb8 13.a5 b5 14.axb6 Qxb6 15.O-O Qb4
16.Ra4 Qb6 17.Rxa6 Qb4 18.Ra4 Qb7 19.Rfa1 Ra8 20.Rxa8 Rxa8 21.Rxa8+ Qxa8 
22.Qe1 Qa5 23.f3 Nfd7 24.f4 Qb4 25.fxe5 Qxb2 26.e6 fxe6 27.dxe6 Nb6 28.Nd5
Nxd5 29.exd5 Qxc2 30.Qf1 Bf6 31.Bg5 Qb2 32.Bxf6 exf6 33.Bb5 Kf8 34.Bd3 Ke7
35.Kh1 Qd4 36.Bc4 f5 37.Qc1 Kf6 38.Qe1 1-0

[Event "XXIII Festival Conca della Presolana A"]
[Site "Bratto - Castione della Presolana ITA"]
[Date "2003.08.24"]
[Round "4"]
[White "Zacco, Remo"]
[Black "Orsi, Massimiliano"]
[Result "0-1"]
[WhiteElo "2077"]
[BlackElo "2046"]
[PlyCount "136"]
[EventDate "2003.08.21"]

1.e4 e5 2.Nf3 Nc6 3.Bc4 Bc5 4.Nc3 Nf6 5.d3 Na5 6.Bg5 Nxc4 7.dxc4 d6 8.Qd3 
c6 9.a3 Be6 10.O-O Qe7 11.Na4 Bb6 12.c5 Bc7 13.cxd6 Qxd6 14.Qxd6 Bxd6 15.
Rad1 Nxe4 16.Bh4 f5 17.Rfe1 Bc7 18.Ng5 Nxg5 19.Bxg5 Kf7 20.Nc5 h6 21.Nxe6 
Kxe6 22.Bf4 Rad8 23.Bd2 Rhe8 24.Re2 Kf7 25.Rde1 e4 26.Bc3 g6 27.a4 Bb6 28.
a5 Bc7 29.h3 a6 30.g4 Rd5 31.f3 Be5 32.Bxe5 Rexe5 33.fxe4 Rxe4 34.gxf5 
gxf5 35.Rxe4 fxe4 36.Rxe4 Rxa5 37.Rb4 b5 38.c3 c5 39.Rf4+ Kg6 40.Rf2 Ra1+ 
41.Kg2 Rb1 42.Kg3 c4 43.Rd2 Kf5 44.Kf3 Ke5 45.Kg4 a5 46.h4 b4 47.Kh5 bxc3 
48.bxc3 Rb6 49.Re2+ Kd5 50.Rd2+ Kc5 51.Rf2 Rd6 52.Re2 Ra6 53.Rf2 Kd5 54.
Rd2+ Ke5 55.Kg4 a4 56.Re2+ Kd5 57.Kf4 Rf6+ 58.Kg3 a3 59.Ra2 Ra6 60.Kf4 Kc5
61.Ke4 Kb5 62.Kd4 Ka4 63.Kxc4 Rc6+ 64.Kd5 Rxc3 65.Kd4 Rc1 66.Re2 Kb3 67.
Re6 Rd1+ 68.Kc5 a2 0-1

[Event "XXIII Festival Conca della Presolana A"]
[Site "Bratto - Castione della Presolana ITA"]
[Date "2003.08.24"]
[Round "4"]
[White "Zoldan, Matteo"]
[Black "Paoli, Enrico"]
[Result "1/2-1/2"]
[WhiteElo "2104"]
[BlackElo "1950"]
[PlyCount "90"]
[EventDate "2003.08.21"]

1.e4 e5 2.Nc3 Nf6 3.Bc4 Bc5 4.f4 Bxg1 5.Rxg1 d6 6.Qf3 Nc6 7.d3 Nd4 8.Qf2 
Ng4 9.Qg3 Nxc2+ 10.Kd1 Nxa1 11.f5 h5 12.h3 c6 13.hxg4 h4 14.Rh1 Qb6 15.Qe1
Bd7 16.b3 Qc7 17.Rxh4 O-O-O 18.Bb2 f6 19.Bxa1 b5 20.Bf7 Bxf5 21.gxf5 Qxf7 
22.Qh1 Qg8 23.Ke2 Rxh4 24.Qxh4 Qh8 25.Qxh8 Rxh8 26.Nd1 Rh1 27.Bc3 Rg1 28.
Ne3 Kd7 29.Be1 Ke7 30.Kf2 Rh1 31.Ke2 a6 32.Kf2 Rh8 33.Ke2 Ra8 34.Ba5 Rh8 
35.Be1 Ra8 36.Ba5 Rh8 37.Kf2 Rh1 38.Nf1 Rh8 39.Ne3 Rh1 40.Nf1 Kd7 41.a3 
Kc8 42.Be1 Kd7 43.Ke2 Ke7 44.Bg3 Rh8 45.Be1 Kd7 1/2-1/2

[Event "XXIII Festival Conca della Presolana A"]
[Site "Bratto - Castione della Presolana ITA"]
[Date "2003.08.25"]
[Round "5"]
[White "Alberton, Roberto"]
[Black "Volpinari, Danilo"]
[Result "0-1"]
[WhiteElo "2113"]
[BlackElo "2050"]
[PlyCount "143"]
[EventDate "2003.08.21"]

1.Nf3 d5 2.d4 c6 3.c4 e6 4.Qc2 Nf6 5.Bg5 Be7 6.e3 Nbd7 7.Nc3 O-O 8.Rd1 Re8
9.a3 b6 10.cxd5 Nxd5 11.Nxd5 cxd5 12.Bxe7 Rxe7 13.Bd3 Nf6 14.Rc1 Bb7 15.
O-O Rc8 16.Qb1 Rec7 17.Rxc7 Rxc7 18.Rc1 Rxc1+ 19.Qxc1 Qc8 20.Qxc8+ Bxc8 
21.Kf1 Bd7 22.b3 h6 23.Ne5 Be8 24.f3 Kf8 25.Ke1 Ke7 26.Kd2 Kd6 27.Kc3 Ng8 
28.Ng4 Ne7 29.g3 f6 30.Nf2 Bh5 31.f4 Be8 32.Nd1 Bh5 33.Nb2 Be8 34.b4 Bd7 
35.b5 Be8 36.Kb4 Bd7 37.a4 Be8 38.Kc3 Bh5 39.Kb4 Be8 40.Kb3 Bh5 41.Kb4 Be8
42.a5 Bh5 43.Na4 Nc8 44.a6 Be8 45.Nc3 Ne7 46.Na4 Nc8 47.e4 Bf7 48.e5+ Ke7 
49.g4 Be8 50.f5 h5 51.h3 hxg4 52.hxg4 Bf7 53.Nc3 Kd8 54.Ne2 Ne7 55.Nf4 Kd7
56.Kc3 Ng8 57.Ng2 Nh6 58.Ne3 Ng8 59.Be2 Nh6 60.Bf3 Kc7 61.fxe6 Bxe6 62.g5 
fxg5 63.Bxd5 Bd7 64.Kc4 Nf5 65.Nxf5 Bxf5 66.Bc6 g4 67.d5 g3 68.d6+ Kd8 69.
Bg2 Be6+ 70.Kd4 Bd7 71.Ke3 Bxb5 72.e6 0-1

[Event "XXIII Festival Conca della Presolana A"]
[Site "Bratto - Castione della Presolana ITA"]
[Date "2003.08.25"]
[Round "5"]
[White "Astengo, Marcello"]
[Black "Zacco, Remo"]
[Result "1-0"]
[WhiteElo "2070"]
[BlackElo "2077"]
[PlyCount "97"]
[EventDate "2003.08.21"]

1.d4 d6 2.c4 f5 3.Nc3 Nf6 4.Bg5 e6 5.g3 Be7 6.Bg2 O-O 7.Nh3 c6 8.d5 cxd5 
9.cxd5 e5 10.O-O Qe8 11.Rc1 Na6 12.Qd2 Bd7 13.a3 Qh5 14.f3 h6 15.Bxf6 Bxf6
16.b4 g5 17.Qd3 Kh8 18.Nf2 Qf7 19.Bh3 Bd8 20.e4 fxe4 21.Ncxe4 Bxh3 22.Nxh3
Bb6+ 23.Kg2 Rad8 24.Nhf2 Qe7 25.Ng4 Kg7 26.Rc2 Rf7 27.Ne3 Rd7 28.Rfc1 Qf8 
29.Rc8 Bd8 30.Nc4 Qe7 31.g4 Nc7 32.Ne3 Qf8 33.Nf5+ Kg8 34.Rc4 Nb5 35.a4 
Nd4 36.Nxd4 exd4 37.Rxd4 Kg7 38.Rdc4 Qe7 39.Ra8 Rf8 40.Rcc8 h5 41.gxh5 g4 
42.fxg4 Qf7 43.Ng5 Qf2+ 44.Kh3 Kg8 45.Rxd8 Rfxd8 46.Rxd8+ Rxd8 47.Qh7+ Kf8
48.Ne6+ Ke8 49.Qg8+ 1-0

[Event "XXIII Festival Conca della Presolana A"]
[Site "Bratto - Castione della Presolana ITA"]
[Date "2003.08.25"]
[Round "5"]
[White "Barletta, Antonio"]
[Black "Vancini, Edoardo"]
[Result "0-1"]
[WhiteElo "2053"]
[BlackElo "2284"]
[PlyCount "90"]
[EventDate "2003.08.21"]

1.e4 c5 2.Nf3 e6 3.d4 cxd4 4.Nxd4 Nc6 5.Nxc6 bxc6 6.Bd3 Bc5 7.Qe2 e5 8.O-O
Nf6 9.Be3 Qb6 10.Bxc5 Qxc5 11.Nd2 O-O 12.Nc4 d5 13.Nd2 Bg4 14.Qe3 Qxe3 15.
fxe3 Rfe8 16.b3 Bh5 17.h3 Bg6 18.exd5 cxd5 19.Bxg6 hxg6 20.Rad1 e4 21.Rfe1
Rad8 22.c4 Nd7 23.cxd5 Nc5 24.Nc4 Nd3 25.Re2 Rxd5 26.Red2 f5 27.Nb2 Red8 
28.Nxd3 exd3 29.Kf2 Kf7 30.Rc1 Kf6 31.Kf3 Ke5 32.Rc3 g5 33.b4 g4+ 34.Kf2 
gxh3 35.gxh3 g5 36.Rc4 Rh8 37.Kg3 f4+ 38.exf4+ gxf4+ 39.Kg2 Rg8+ 40.Kh2 
Rg3 41.Rc7 Kd4 42.Rf2 Ke3 43.Rf1 d2 44.Re7+ Kd3 45.Rxf4 Re3 0-1

[Event "XXIII Festival Conca della Presolana A"]
[Site "Bratto - Castione della Presolana ITA"]
[Date "2003.08.25"]
[Round "5"]
[White "Barlocco, Carlo"]
[Black "Mazzariol, Oscar"]
[Result "1-0"]
[WhiteElo "2150"]
[BlackElo "2049"]
[PlyCount "41"]
[EventDate "2003.08.21"]

1.d4 Nf6 2.Nf3 e6 3.g3 b5 4.Bg2 Bb7 5.O-O c5 6.a4 a6 7.axb5 axb5 8.Rxa8 
Bxa8 9.Bf4 c4 10.Nc3 Qb6 11.Qa1 Bc6 12.Ne5 Bxg2 13.Kxg2 Qb7+ 14.Kg1 Bb4 
15.b3 O-O 16.bxc4 bxc4 17.Na2 Bd6 18.Rb1 Qc7 19.Nc3 Qc8 20.Ng6 Bxf4 21.
Ne7+ 1-0

[Event "XXIII Festival Conca della Presolana A"]
[Site "Bratto - Castione della Presolana ITA"]
[Date "2003.08.25"]
[Round "5"]
[White "Belotti, Bruno"]
[Black "Mauro, Alan"]
[Result "1/2-1/2"]
[WhiteElo "2435"]
[BlackElo "2222"]
[PlyCount "104"]
[EventDate "2003.08.21"]

1.c4 Nf6 2.g3 g6 3.Bg2 Bg7 4.Nc3 O-O 5.d3 d6 6.e4 Nc6 7.Nge2 e5 8.O-O Be6 
9.h3 Qd7 10.Kh2 Kh8 11.Be3 Ng8 12.Nd5 Nd4 13.Nxd4 exd4 14.Bd2 c5 15.Nf4 
Rab8 16.b4 b5 17.cxb5 Qxb5 18.a4 Qd7 19.b5 Bh6 20.Qc1 Bxf4 21.Bxf4 f6 22.
Qc2 Ne7 23.Bd2 g5 24.Rab1 Ng6 25.Rb2 Rg8 26.f4 gxf4 27.Bxf4 Ne5 28.Qb1 Qe8
29.a5 Qh5 30.Bxe5 Qxe5 31.Rf3 Rg7 32.b6 a6 33.Qc1 f5 34.Qf4 fxe4 35.Qxe5 
dxe5 36.Rf6 exd3 37.Rxe6 c4 38.Rd2 c3 39.Rxd3 Rc8 40.Rxe5 c2 41.Re1 c1=Q 
42.Rxc1 Rxc1 43.Rxd4 Rb1 44.Rd5 Re7 45.h4 Kg7 46.Kh3 Kf6 47.Rd6+ Kg7 48.h5
Re5 49.h6+ Kf7 50.b7 Rh5+ 51.Kg4 Rxa5 52.Bc6 Rc5 1/2-1/2

[Event "XXIII Festival Conca della Presolana A"]
[Site "Bratto - Castione della Presolana ITA"]
[Date "2003.08.25"]
[Round "5"]
[White "Bonazzi, Edoardo"]
[Black "Lanzani, Giuliano"]
[Result "1-0"]
[WhiteElo "2130"]
[BlackElo "2092"]
[PlyCount "63"]
[EventDate "2003.08.21"]

1.c4 Nf6 2.Nc3 e5 3.g3 Nc6 4.Bg2 d6 5.d3 Be7 6.Nf3 Nd4 7.O-O O-O 8.b4 
Nxf3+ 9.Bxf3 c6 10.Bg5 h6 11.Bxf6 Bxf6 12.Rb1 Bh3 13.Re1 Qd7 14.b5 Bg4 15.
bxc6 bxc6 16.Bxg4 Qxg4 17.Rb7 Rfb8 18.Qb3 Qc8 19.Rb1 Rxb7 20.Qxb7 Bd8 21.
Ne4 d5 22.Nd6 Qxb7 23.Rxb7 f6 24.Nf5 g6 25.Nxh6+ Kf8 26.Nf7 Be7 27.Nh8 Kg7
28.Nxg6 Kxg6 29.Rxe7 a5 30.Rb7 Ra6 31.c5 e4 32.dxe4 1-0

[Event "XXIII Festival Conca della Presolana A"]
[Site "Bratto - Castione della Presolana ITA"]
[Date "2003.08.25"]
[Round "5"]
[White "Bonetti, Marco"]
[Black "Bertagnolli, Gerhard"]
[Result "1/2-1/2"]
[WhiteElo "2105"]
[BlackElo "1870"]
[PlyCount "87"]
[EventDate "2003.08.21"]

1.e4 c5 2.Nf3 d6 3.d4 cxd4 4.Nxd4 a6 5.Nc3 e6 6.Bc4 Nf6 7.Bb3 Nbd7 8.f4 
Nc5 9.f5 Nxb3 10.axb3 Be7 11.Qf3 e5 12.Nde2 b5 13.Bg5 Bb7 14.Bxf6 Bxf6 15.
Rd1 Rc8 16.O-O O-O 17.Ng3 b4 18.Nd5 Bxd5 19.Rxd5 Rxc2 20.Nh5 Qb6+ 21.Kh1 
Rfc8 22.Qg4 Kf8 23.h4 Ke7 24.Qf3 Rc1 25.Rdd1 Rxd1 26.Rxd1 h6 27.Rf1 Rc2 
28.Nxg7 Qd4 29.Nh5 d5 30.exd5 Qxh4+ 31.Kg1 Qd4+ 32.Kh2 Qh4+ 33.Kg1 Qd4+ 
34.Kh2 Qh4+ 35.Qh3 Rxb2 36.d6+ Kxd6 37.Nxf6 Qxf6 38.Qd3+ Ke7 39.Rf3 Qh4+ 
40.Rh3 Qf4+ 41.Rg3 Qh4+ 42.Rh3 Qf4+ 43.Rg3 Qh4+ 44.Rh3 1/2-1/2

[Event "XXIII Festival Conca della Presolana A"]
[Site "Bratto - Castione della Presolana ITA"]
[Date "2003.08.25"]
[Round "5"]
[White "Bottino, Alexiei"]
[Black "Leoni, Fabrizio"]
[Result "1-0"]
[WhiteElo "2071"]
[BlackElo "2102"]
[PlyCount "61"]
[EventDate "2003.08.21"]

1.e4 c6 2.d4 d5 3.e5 Bf5 4.Nc3 e6 5.g4 Bg6 6.Nge2 h6 7.h4 Be7 8.Nf4 Bh7 9.
Bd3 Bxd3 10.Qxd3 Qd7 11.Be3 Na6 12.O-O-O O-O-O 13.Nfe2 h5 14.g5 g6 15.Na4 
Qc7 16.Kb1 Qa5 17.Qb3 b5 18.Nc5 Qb6 19.Nxa6 Qxa6 20.Nf4 Kd7 21.Rh3 Qb6 22.
Rf3 Qb8 23.Qd3 Bb4 24.c3 Ba5 25.b4 Bb6 26.Nxd5 exd5 27.Rxf7+ Ne7 28.Qxg6 
Rdf8 29.e6+ Kd8 30.Qf6 Re8 31.Rxe7 1-0

[Event "XXIII Festival Conca della Presolana A"]
[Site "Bratto - Castione della Presolana ITA"]
[Date "2003.08.25"]
[Round "5"]
[White "Brancaleoni, Maurizio"]
[Black "Dervishi, Erald"]
[Result "0-1"]
[WhiteElo "2298"]
[BlackElo "2495"]
[PlyCount "146"]
[EventDate "2003.08.21"]

1.d4 Nf6 2.c4 e6 3.Nc3 d5 4.cxd5 exd5 5.Bg5 Be7 6.e3 O-O 7.Bd3 Nbd7 8.Qc2 
Re8 9.Nf3 Nf8 10.O-O c6 11.Rab1 Ng6 12.Bxf6 Bxf6 13.Bf5 Be7 14.b4 a6 15.a4
Bd6 16.b5 Bxf5 17.Qxf5 Ne7 18.Qc2 cxb5 19.axb5 a5 20.Qb3 Rc8 21.Rfd1 h6 
22.e4 dxe4 23.Ne5 Rf8 24.Nxe4 Bb4 25.Nc5 Qd5 26.Qxd5 Nxd5 27.Nxb7 Rb8 28.
Nc5 Rxb5 29.Na4 Rc8 30.Nd3 Rc4 31.Ndc5 Rb8 32.Rbc1 Rxc1 33.Rxc1 Bd2 34.Rd1
Rb4 35.Kf1 Bg5 36.Ke2 Bf6 37.g3 Bxd4 38.Rc1 h5 39.Rc2 Nf6 40.Kd3 Ng4 41.f4
Bg1 42.h3 Nf6 43.h4 Ng4 44.Ke2 Nh6 45.Ra2 Nf5 46.Kf3 Bd4 47.Ra3 Rb1 48.Ne4
Rf1+ 49.Ke2 Rg1 50.Kf3 Ba7 51.Ke2 Nd4+ 52.Kd2 Rg2+ 53.Ke1 f5 54.Ng5 Rg1+ 
55.Kd2 Kf8 56.Rc3 Rg2+ 57.Kd1 Rg1+ 58.Kd2 Nb5 59.Rc6 Rg2+ 60.Kd3 Ke7 61.
Ra6 Rxg3+ 62.Kc2 Be3 63.Rxa5 Nd4+ 64.Kd3 Bd2+ 65.Kxd2 Nb3+ 66.Ke2 Nxa5 67.
Nf3 Rg2+ 68.Kd3 Rf2 69.Ke3 Ra2 70.Nb6 Kd6 71.Nc8+ Kc5 72.Ne7 Nc4+ 73.Kd3 
Ra3+ 0-1

[Event "XXIII Festival Conca della Presolana A"]
[Site "Bratto - Castione della Presolana ITA"]
[Date "2003.08.25"]
[Round "5"]
[White "Cavatorta, Fosco"]
[Black "Garrapa, Gianluigi"]
[Result "0-1"]
[WhiteElo "2152"]
[BlackElo "1909"]
[PlyCount "76"]
[EventDate "2003.08.21"]

1.Nf3 d5 2.d3 Nf6 3.Nbd2 Nbd7 4.e4 dxe4 5.dxe4 e5 6.Bc4 Bd6 7.O-O O-O 8.
Qe2 b6 9.Rd1 Bb7 10.Ba6 Qc8 11.Bxb7 Qxb7 12.b3 b5 13.Bb2 Rfe8 14.h3 Nc5 
15.Re1 a5 16.a3 Ncd7 17.g4 Nf8 18.Qe3 Ng6 19.Nf1 Nd7 20.Ng3 Nf4 21.Kh2 Bc5
22.Bd4 Bxd4 23.Nxd4 g6 24.Nde2 Ne6 25.Rg1 Qb6 26.Qd2 Rad8 27.Raf1 Ndf8 28.
Qh6 Nd4 29.Nxd4 exd4 30.f4 Kh8 31.e5 Qe6 32.Ne4 d3 33.cxd3 Rxd3 34.Rd1 
Qxb3 35.Rxd3 Qxd3 36.Nf6 Rd8 37.f5 Qe2+ 38.Kg3 Qxe5+ 0-1

[Event "XXIII Festival Conca della Presolana A"]
[Site "Bratto - Castione della Presolana ITA"]
[Date "2003.08.25"]
[Round "5"]
[White "Drabke, Lorenz Maximilian"]
[Black "Satta, Vladimiro"]
[Result "0-1"]
[WhiteElo "2448"]
[BlackElo "2242"]
[PlyCount "80"]
[EventDate "2003.08.21"]

1.e4 e6 2.d3 d5 3.Nd2 c5 4.Ngf3 Nc6 5.g3 Nf6 6.Bg2 Be7 7.O-O O-O 8.Re1 b5 
9.e5 Nd7 10.Nf1 Bb7 11.h4 Qc7 12.Bf4 Rfc8 13.Qe2 Nd4 14.Nxd4 cxd4 15.Rec1 
Qb6 16.Bh3 Rc6 17.Nd2 Rac8 18.Nf3 Bc5 19.c3 dxc3 20.Rxc3 b4 21.Rcc1 Ba6 
22.Qd2 b3 23.a3 Bd4 24.Rxc6 Rxc6 25.Nxd4 Qxd4 26.Rc1 Rxc1+ 27.Qxc1 Bxd3 
28.Qc8+ Nf8 29.Be3 Qxb2 30.Bc5 Qb1+ 31.Kh2 h6 32.Qxf8+ Kh7 33.Bg2 Qc2 34.
Bd4 b2 35.Bxb2 Qxf2 36.Bd4 Qxd4 37.Qxf7 Bf5 38.Qc7 Qf2 39.Qf7 a5 40.h5 Qe2
0-1

[Event "XXIII Festival Conca della Presolana A"]
[Site "Bratto - Castione della Presolana ITA"]
[Date "2003.08.25"]
[Round "5"]
[White "Epishin, Vladimir V."]
[Black "Castaldo, Folco"]
[Result "1-0"]
[WhiteElo "2642"]
[BlackElo "2322"]
[PlyCount "69"]
[EventDate "2003.08.21"]

1.d4 d5 2.c4 c6 3.Nf3 Nf6 4.e3 Bf5 5.Nc3 e6 6.Nh4 Bg6 7.Qb3 Qb6 8.Nxg6 
hxg6 9.g3 Nbd7 10.Bg2 Be7 11.O-O O-O 12.Rd1 Rad8 13.Bd2 Qc7 14.Rac1 Qb8 
15.a4 dxc4 16.Qxc4 e5 17.a5 exd4 18.exd4 a6 19.b4 Rfe8 20.h4 Qd6 21.Na4 
Nd5 22.Nc5 Qb8 23.Re1 N7f6 24.Bg5 Bd6 25.Bxd5 cxd5 26.Qb3 Be7 27.Re5 Bd6 
28.Rxe8+ Rxe8 29.Kg2 Re2 30.Qf3 Rb2 31.Bxf6 gxf6 32.Nd7 Qd8 33.Nxf6+ Kg7 
34.Nxd5 Bxb4 35.Rc7 1-0

[Event "XXIII Festival Conca della Presolana A"]
[Site "Bratto - Castione della Presolana ITA"]
[Date "2003.08.25"]
[Round "5"]
[White "Friedrich, Norbert"]
[Black "Bellia, Fabrizio"]
[Result "1-0"]
[WhiteElo "2252"]
[BlackElo "2397"]
[PlyCount "55"]
[EventDate "2003.08.21"]

1.e4 c6 2.d4 d5 3.Nd2 dxe4 4.Nxe4 Nf6 5.Nxf6+ exf6 6.c3 Bd6 7.Bd3 O-O 8.
Ne2 Re8 9.O-O Qc7 10.Ng3 Be6 11.f4 Kh8 12.f5 Bd7 13.Ne4 c5 14.d5 Bxh2+ 15.
Kh1 c4 16.Bc2 Be5 17.Qh5 Bb5 18.Rf3 Nd7 19.Rh3 Nf8 20.Bh6 Qd8 21.Rf1 a5 
22.Rff3 gxh6 23.Qxh6 Ra6 24.Rh4 Qxd5 25.Qxf8+ Rxf8 26.Rfh3 Kg8 27.Rxh7 Rd8
28.Rh8+ 1-0

[Event "XXIII Festival Conca della Presolana A"]
[Site "Bratto - Castione della Presolana ITA"]
[Date "2003.08.25"]
[Round "5"]
[White "Godena, Michele"]
[Black "Lucaroni, Massimiliano"]
[Result "1-0"]
[WhiteElo "2517"]
[BlackElo "2295"]
[PlyCount "67"]
[EventDate "2003.08.21"]

1.e4 e5 2.Nf3 Nc6 3.Bb5 a6 4.Ba4 Nf6 5.d3 d6 6.c3 g6 7.Nbd2 Bg7 8.Nf1 O-O 
9.Bg5 b5 10.Bc2 Qd7 11.Qd2 Nd8 12.Bh6 Ne6 13.Bxg7 Kxg7 14.Ne3 Bb7 15.h4 c5
16.h5 c4 17.dxc4 Nxe4 18.Bxe4 Bxe4 19.Nxe5 Qe7 20.f3 dxe5 21.fxe4 bxc4 22.
Nd5 Qg5 23.h6+ Kh8 24.Qxg5 Nxg5 25.Nf6 Rfd8 26.Rd1 Rd3 27.Ke2 Rad8 28.b3 
Ne6 29.g3 Rxg3 30.Rxd8+ Nxd8 31.bxc4 Rg2+ 32.Kf3 Rd2 33.Rb1 Rd6 34.Rb8 1-0

[Event "XXIII Festival Conca della Presolana A"]
[Site "Bratto - Castione della Presolana ITA"]
[Date "2003.08.25"]
[Round "5"]
[White "Gosio, Denis"]
[Black "Borroni, Enrico"]
[Result "1/2-1/2"]
[WhiteElo "2160"]
[BlackElo "1908"]
[PlyCount "53"]
[EventDate "2003.08.21"]

1.e4 c6 2.d4 d5 3.Nc3 dxe4 4.Nxe4 Bf5 5.Ng3 Bg6 6.Nf3 Nd7 7.Be2 e6 8.O-O 
Be7 9.c4 Ngf6 10.b3 Ne4 11.Bb2 Nxg3 12.hxg3 O-O 13.Bd3 Bxd3 14.Qxd3 Qa5 
15.a3 Bf6 16.b4 Qc7 17.g4 h6 18.Rfe1 Rfd8 19.Qc2 a5 20.g3 axb4 21.axb4 Qd6
22.Bc3 Qf8 23.Nd2 Be7 24.Qb2 Nf6 25.f3 Rxa1 26.Rxa1 Ra8 27.Rxa8 1/2-1/2

[Event "XXIII Festival Conca della Presolana A"]
[Site "Bratto - Castione della Presolana ITA"]
[Date "2003.08.25"]
[Round "5"]
[White "Isonzo, David"]
[Black "Rago, Riccardo"]
[Result "1-0"]
[WhiteElo "2347"]
[BlackElo "2163"]
[PlyCount "39"]
[EventDate "2003.08.21"]

1.e4 c5 2.Nf3 Nc6 3.d4 cxd4 4.Nxd4 Nf6 5.Nc3 e5 6.Nf5 d5 7.exd5 Bxf5 8.
dxc6 Qxd1+ 9.Nxd1 bxc6 10.Ne3 Be6 11.Nc4 Nd7 12.Be3 Be7 13.O-O-O O-O 14.
Na5 Rac8 15.Bc4 Nc5 16.Bxe6 fxe6 17.Nc4 e4 18.Nd6 Bxd6 19.Rxd6 Rf5 20.Re1 
1-0

[Event "XXIII Festival Conca della Presolana A"]
[Site "Bratto - Castione della Presolana ITA"]
[Date "2003.08.25"]
[Round "5"]
[White "Lanzani, Mario"]
[Black "Bentivegna, Francesco"]
[Result "1/2-1/2"]
[WhiteElo "2355"]
[BlackElo "2165"]
[PlyCount "33"]
[EventDate "2003.08.21"]

1.e4 e5 2.Nf3 Nc6 3.Bb5 f5 4.d3 fxe4 5.dxe4 Nf6 6.O-O Bc5 7.Nc3 d6 8.Bg5 
O-O 9.Nd5 Kh8 10.c3 Ne7 11.Nxf6 gxf6 12.Bh6 Rg8 13.Kh1 c6 14.Bd3 Bg4 15.
Be2 Qd7 16.Ng5 Be6 17.Nxe6 1/2-1/2

[Event "XXIII Festival Conca della Presolana A"]
[Site "Bratto - Castione della Presolana ITA"]
[Date "2003.08.25"]
[Round "5"]
[White "Luchsinger, Eric"]
[Black "Lapiccirella, Mattia"]
[Result "1/2-1/2"]
[WhiteElo "2094"]
[BlackElo "2187"]
[PlyCount "57"]
[EventDate "2003.08.21"]

1.c4 g6 2.g3 Bg7 3.Bg2 d6 4.Nc3 e5 5.e4 Nc6 6.Nge2 Be6 7.d3 Nge7 8.Nd5 Qd7
9.Bh6 O-O 10.Qd2 f6 11.h4 Nd8 12.Nec3 c6 13.Bxg7 Kxg7 14.Nxe7 Qxe7 15.
O-O-O Nf7 16.Bh3 Bxh3 17.Rxh3 a6 18.g4 b5 19.Rg1 Nd8 20.Ne2 Ne6 21.f4 exf4
22.Nxf4 bxc4 23.dxc4 Nc5 24.Re1 a5 25.h5 g5 26.h6+ Kh8 27.Nh5 Qe6 28.Qe2 
Rac8 29.Ng7 1/2-1/2

[Event "XXIII Festival Conca della Presolana A"]
[Site "Bratto - Castione della Presolana ITA"]
[Date "2003.08.25"]
[Round "5"]
[White "Maccagno, Giancarlo"]
[Black "Frilli, Guido"]
[Result "0-1"]
[WhiteElo "2133"]
[BlackElo "2071"]
[PlyCount "60"]
[EventDate "2003.08.21"]

1.e4 c5 2.c3 d5 3.exd5 Qxd5 4.d4 g6 5.Nf3 Nf6 6.Be2 cxd4 7.cxd4 Bg7 8.Nc3 
Qd8 9.O-O O-O 10.Bg5 Nbd7 11.Rc1 Nb6 12.h3 Nbd5 13.Nxd5 Nxd5 14.Bc4 Nc7 
15.Re1 Be6 16.Bxe6 Nxe6 17.Bh4 Re8 18.d5 Nf4 19.Qd2 Bh6 20.Bg5 Bxg5 21.
Nxg5 Nxd5 22.Ne4 Kg7 23.Red1 e6 24.Qd4+ Kg8 25.Qe5 f6 26.Nxf6+ Qxf6 27.
Rxd5 Qxe5 28.Rxe5 Rac8 29.Rxc8 Rxc8 30.Rxe6 Rc1+ 0-1

[Event "XXIII Festival Conca della Presolana A"]
[Site "Bratto - Castione della Presolana ITA"]
[Date "2003.08.25"]
[Round "5"]
[White "Maksimenko, Andrei"]
[Black "Sax, Gyula"]
[Result "1/2-1/2"]
[WhiteElo "2512"]
[BlackElo "2521"]
[PlyCount "40"]
[EventDate "2003.08.21"]

1.Nf3 Nf6 2.c4 c5 3.Nc3 Nc6 4.g3 d5 5.d4 e6 6.cxd5 Nxd5 7.Bg2 cxd4 8.Nxd4 
Nxc3 9.bxc3 Nxd4 10.Qxd4 Qxd4 11.cxd4 Bb4+ 12.Bd2 Bxd2+ 13.Kxd2 Ke7 14.
Rhc1 Rd8 15.Rc7+ Rd7 16.Rac1 Kd8 17.Rxd7+ Kxd7 18.f4 Rb8 19.d5 exd5 20.
Bxd5 f6 1/2-1/2

[Event "XXIII Festival Conca della Presolana A"]
[Site "Bratto - Castione della Presolana ITA"]
[Date "2003.08.25"]
[Round "5"]
[White "Mantovani, Renzo"]
[Black "De Vita, Igor"]
[Result "1-0"]
[WhiteElo "2375"]
[BlackElo "2158"]
[PlyCount "77"]
[EventDate "2003.08.21"]

1.Nf3 Nf6 2.g3 b6 3.Bg2 Bb7 4.d3 d6 5.O-O g6 6.e4 Nbd7 7.Nh4 c5 8.f4 Qc7 
9.c4 Bg7 10.Nc3 a6 11.Qe2 Rb8 12.Bd2 Ba8 13.Rac1 Ng8 14.b3 b5 15.Nd5 Qd8 
16.Bc3 Bxc3 17.Nxc3 b4 18.Nd5 e5 19.Bh3 Bxd5 20.exd5 f6 21.Rf2 Nh6 22.
Bxd7+ Kxd7 23.fxe5 fxe5 24.Rcf1 Qe7 25.a3 a5 26.axb4 axb4 27.Qd2 Qg7 28.
Qg5 Rhf8 29.Ra1 Ra8 30.Rfa2 Rxa2 31.Rxa2 Rc8 32.Kg2 Rc7 33.h3 Rc8 34.g4 
Nf7 35.Ra7+ Rc7 36.Rxc7+ Kxc7 37.Qe7+ Kc8 38.Nf3 Qg8 39.Qe6+ 1-0

[Event "XXIII Festival Conca della Presolana A"]
[Site "Bratto - Castione della Presolana ITA"]
[Date "2003.08.25"]
[Round "5"]
[White "Manzoni, Alessandro"]
[Black "Caruso, Augusto"]
[Result "0-1"]
[WhiteElo "2034"]
[BlackElo "2247"]
[PlyCount "48"]
[EventDate "2003.08.21"]

1.e4 d5 2.Nc3 Nf6 3.exd5 Nxd5 4.Nxd5 Qxd5 5.Qf3 Qc5 6.c3 e5 7.b4 Qc6 8.a4 
a6 9.Bd3 f5 10.Qxc6+ Nxc6 11.Bc4 e4 12.f3 Ne5 13.Be2 c5 14.bxc5 Bxc5 15.
Ba3 Bxa3 16.Rxa3 Be6 17.Nh3 exf3 18.gxf3 O-O-O 19.d4 Nc4 20.Bxc4 Bxc4 21.
Kd2 Rhe8 22.Nf4 g5 23.Nd3 f4 24.Rf1 Re3 0-1

[Event "XXIII Festival Conca della Presolana A"]
[Site "Bratto - Castione della Presolana ITA"]
[Date "2003.08.25"]
[Round "5"]
[White "Marzano, Carlo"]
[Black "Cazzaniga, Walter"]
[Result "1-0"]
[WhiteElo "2225"]
[BlackElo "2130"]
[PlyCount "89"]
[EventDate "2003.08.21"]

1.d4 d5 2.Nf3 Nf6 3.Bg5 e6 4.Nbd2 Be7 5.e3 Nbd7 6.Bd3 h6 7.Bh4 O-O 8.c3 c5
9.Ne5 Nxe5 10.dxe5 Nd7 11.Bg3 b6 12.h4 f6 13.f4 fxe5 14.fxe5 Qc7 15.Qh5 c4
16.Bg6 Nc5 17.Nf3 Nd3+ 18.Bxd3 cxd3 19.Bf4 Bc5 20.Qg4 d2+ 21.Kxd2 Kh8 22.
b4 Be7 23.Qg6 Qc4 24.Ng5 Bxg5 25.hxg5 Qe4 26.Qxe4 dxe4 27.gxh6 g5 28.Bxg5 
Rf2+ 29.Ke1 Rxg2 30.Bf6+ Kh7 31.Rd1 Rg8 32.Kf2 a5 33.b5 Ra7 34.Bg7 Rc7 35.
Rc1 Rd8 36.Rhd1 Rd3 37.c4 a4 38.Ke2 Rcd7 39.Bf8 Bb7 40.Bd6 Rxd1 41.Rxd1 
Rf7 42.Rf1 Rf3 43.Rh1 Rf7 44.Rf1 Rf3 45.Bc7 1-0